Mathematical statistics /
Guardado en:
| Autor Principal: | |
|---|---|
| Formato: | Libro |
| Idioma: | English German |
| Publicado: |
Berlin :
Springer-Verlag,
1969.
|
| Series: | Die Grundlehren der mathematischen Wissenschaften in Einzeldarstellungen mit besonderer Berücksichtigung der Anwendungsgebiete ;
Bd. 156 |
| Etiquetas: |
Agregar Etiqueta
Sin Etiquetas, Sea el primero en etiquetar este registro!
|
| LEADER | 00918cam a22002175 4500 | ||
|---|---|---|---|
| 001 | MAT.inmabb001818 | ||
| 008 | 700409s1969####gw#a#####b####001#0#eng#d | ||
| 005 | 20160219141234.0 | ||
| 245 | 1 | 0 | |a Mathematical statistics / |c B. L. van der Waerden. |
| 260 | |a Berlin : |b Springer-Verlag, |c 1969. | ||
| 300 | |a xi, 367 p. : |b il. ; |c 24 cm. | ||
| 440 | 4 | |a Die Grundlehren der mathematischen Wissenschaften in Einzeldarstellungen mit besonderer Berücksichtigung der Anwendungsgebiete ; |v Bd. 156 | |
| 500 | |a Traducción de: Mathematische Statistik. 2. Aufl. 1965. Incluye correcciones con respecto a la versión original. | ||
| 504 | |a Incluye referencias bibliográficas. | ||
| 510 | 4 | |a MR, |c 40 #5051 | |
| 100 | 1 | |a Waerden, B. L. van der |q (Bartel Leendert), |d 1903-1996. | |
| 240 | 1 | 0 | |a Mathematische Statistik. |l Inglés |
| 084 | |a 62 |2 msc2000 | ||
| 010 | |a 72084145 | ||
| 041 | 1 | |a eng |h ger | |
| 859 | |h 62 |i W127 |p A-3269 |b BIB. MATEMATICA | ||
